10 najmniejszych państw świata - Statystyki

Ogólne statystyki
  • Ten quiz został rozwiązany 28 razy
  • Średni wynik to 7 z 10
Statystyki odpowiedzi
Powierzchnia Państwo % Poprawnych
0,44 km² Watykan
100%
61 km² San Marino
91%
160 km² Liechtenstein
83%
2,02 km² Monako
83%
2 km² Nauru
74%
316 km² Malta
70%
26 km² Tuvalu
61%
261 km² Saint Kitts i Nevis
48%
181 km² Wyspy Marshalla
43%
298 km² Malediwy
35%
Nie znaleziono quizów pasujących do podanych kryteriów
Rozkład punktacji
Procent ludzi z każdym wynikiem
Percentyl według liczby udzielonych odpowiedzi
Twoja historia wyników
Nie rozwiązałeś tego quizu